| 000 -LEADER |
| fixed length control field |
00792nam a22001817a 4500 |
| 005 - DATE AND TIME OF LATEST TRANSACTION |
| control field |
20260311112735.0 |
| 008 - FIXED-LENGTH DATA ELEMENTS--GENERAL INFORMATION |
| fixed length control field |
260226s2002 ge ||||| |||| 00| 0 eng d |
| 020 ## - INTERNATIONAL STANDARD BOOK NUMBER |
| International Standard Book Number |
9780521016353x |
| 041 ## - LANGUAGE CODE |
| Language code of text/sound track or separate title |
eng |
| 080 ## - UNIVERSAL DECIMAL CLASSIFICATION NUMBER |
| Universal Decimal Classification number |
36+364+316+811(520) F-11 |
| 245 ## - TITLE STATEMENT |
| Title |
Family and Social Policy in Japan: |
| Remainder of title |
Anthropological Approaches / |
| Statement of responsibility, etc. |
Rdited by Roger Goodman. |
| 264 ## - PRODUCTION, PUBLICATION, DISTRIBUTION, MANUFACTURE, AND COPYRIGHT NOTICE |
| Place of production, publication, distribution, manufacture |
Cambridge : |
| Name of producer, publisher, distributor, manufacturer |
Cambridge University Press, |
| Date of production, publication, distribution, manufacture, or copyright notice |
2002. |
| 300 ## - PHYSICAL DESCRIPTION |
| Extent |
237 p.; |
| Other physical details |
23 cm. |
| 653 ## - INDEX TERM--UNCONTROLLED |
| keyword |
იაპონიის სოციალური პოლიტიკა |
| 653 ## - INDEX TERM--UNCONTROLLED |
| keyword |
ოჯახის სოციალური პოლიტიკა იაპონიაში |
| 653 ## - INDEX TERM--UNCONTROLLED |
| keyword |
იაპონიის პოლიტიკა ოჯახის სფეროში |
| 942 ## - ADDED ENTRY ELEMENTS (KOHA) |
| Source of classification or shelving scheme |
|
| Koha item type |
წიგნი |